History Quiz

Random History or Biography Quiz

Biography: C Quiz Stats

Quiz Updated Dec 26, 2012

Also try: Biography: B
Challenge
Share
Tweet
Embed
Score 0/20 Timer 06:00
2 Plays Today
Biography Channel Profile 'C' Person % Correct
He has produced some of the most highly acclaimed, biggest box-office hits of his era, including 'Aliens,' 'Titanic,' and 'Avatar.'James Cameron
92.6%
As prime minister, he rallied the British people during WWII and led his country from the brink of defeat to victory.Winston Churchill
88.8%
With the use of mime, slapstick and other comedic routines, 'The Tramp' was the best known actor and director of the silent film era.Charles Chaplin
88.3%
A talented, troubled grunge performer, he became a rock legend with his band Nirvana in the 1990s and committed suicide at his Seattle home in 1994.Kurt Cobain
87.9%
A Marxist Cuban political leader, he helped lead the Cuban Revolution and served as president of Cuba 1976-2008.Fidel Castro
87.9%
His unique blend of impressive martial arts and screwball physical comedy have helped make him an international film star.Jackie Chan
86.7%
She was a Polish-born French physicist famous for her work on radioactivity and twice a winner of the Nobel Prize.Marie Curie
80.9%
A poor child from an Italian immigrant family, he (a.k.a. 'Scarface') rose to infamy as the leader of the Chicago mafia during the Prohibition era.Al Capone
80.7%
Known as the Man in Black, he was a singer, guitarist, and songwriter whose music innovatively mixed country, rock, blues, and gospel influences.Johnny Cash
80.4%
She is an American Idol winner who went on to record several top ten hits including 'Breakaway,' 'Behind These Hazel Eyes,' and 'Because of You.'Kelly Clarkson
74.4%
Biography Channel Profile 'C' Person % Correct
She is the bestselling mystery author of all time. Her characters, Miss Marple and Hercule Poirot, have been repeatedly portrayed on film.Agatha Christie
74.2%
He was English poet who wrote the unfinished work, 'The Canterbury Tales,' which is considered one of the greatest poetic works in English.Geoffrey Chaucer
70.8%
He was an ancient Chinese thinker and social philosopher who emphasized personal and governmental morality, justice and sincerity. Confucius
70.7%
Under this pen name, he was the author of the children's classics 'Alice's Adventures in Wonderland' and 'Through the Looking-Glass.'Lewis Carroll
69.3%
A TV chef and author, she adapted complex French cooking for everyday Americans, with her groundbreaking cookbook 'Mastering the Art of French Cooking.'Julia Child
68.1%
A French ocean explorer and navy officer, he co-invented the Aqua-Lung, or scuba.Jacques Cousteau
63.5%
He was an agricultural chemist whose development of products derived from peanuts revolutionized the South's agricultural economy.George Washington Carver
54.7%
He is a U.S. convicted murderer best known for shooting and killing former Beatles member John Lennon.Mark David Chapman
48.8%
He was an Algerian-born writer who won the Nobel Prize for literature in part due to his embrace of existentialism in books like 'The Stranger.'Albert Camus
40.5%
He was American baseball catcher who played for the Brooklyn Dodgers until his career was cut short as a result of an automobile accident.Roy Campanella
24.6%

You're not logged in!

Compare scores with friends on all Sporcle quizzes.
Sign Up with Email
OR
Log In

You Might Also Like...

Show Comments

Extras

Top Quizzes Today


Score Distribution

Your Account Isn't Verified!

In order to create a playlist on Sporcle, you need to verify the email address you used during registration. Go to your Sporcle Settings to finish the process.